| 000 | 00510cam a2200193ua 4500 | ||
|---|---|---|---|
| 020 | _c450/- | ||
| 041 |
_aeng _h |
||
| 082 |
_a631.587 _bMAD/MA |
||
| 100 | _aMadramootoo, Chandra A. | ||
| 245 | 0 | 0 |
_aManagement of Agricultural Drainage water quality / _cChandra A Madramootoo. _hTextual Documents |
| 260 |
_a : _bFAO , _c2005. |
||
| 300 | _a95 ; . | ||
| 365 | _a450/- | ||
| 504 | _a | ||
| 700 | 1 | _aJohnston, William R. | |
| 700 | 1 | _aWillardson, Lyman S . | |
| 942 | _cBK | ||
| 999 |
_c13126 _d13126 |
||